Largest Municipalities in Louisiana by First Letter - Statistics

General Stats
  • This quiz has been taken 6 times
    3 since last reset
  • The average score is 14 of 25
Answer Stats
First Letter County Population Municipality % Correct
B East Baton Rouge 215,112 Baton Rouge
100%
L Lafayette 121,475 Lafayette
100%
N Orleans 351,399 New Orleans
100%
S Caddo 172,033 Shreveport
100%
A Rapides 42,374 Alexandria
67%
C East Baton Rouge 29,929 Central
67%
H Terrebonne 30,660 Houma
67%
K Jefferson 61,359 Kenner
67%
M Ouachita 45,954 Monroe
67%
O St. Landry 15,131 Opelousas
67%
R Lincoln 22,285 Ruston
67%
Y Lafayette 19,314 Youngsville
67%
Z East Baton Rouge 20,308 Zachary
67%
D Beauregard 9,438 DeRidder
33%
E St. Landry 9,010 Eunice
33%
F St. Mary 6,118 Franklin
33%
G Jefferson 16,535 Gretna
33%
I Calcasieu 2,896 Iowa
33%
J Jefferson Davis 9,079 Jennings
33%
P Rapides 13,790 Pineville
33%
Q Jackson 154 Quitman
33%
T Lafourche 15,476 Thibodaux
33%
U LaSalle 690 Urania
33%
V Evangeline 6,073 Ville Platte
33%
W Ouachita 12,191 West Monroe
33%
No matching quizzes found
Score Distribution
Percent of People with Each Score
Percentile by Number Answered
Your Score History
You have not taken this quiz since the last reset